| 000 | 00805nam a22002297a 4500 | ||
|---|---|---|---|
| 005 | 20250530112558.0 | ||
| 008 | 250530b |||||||| |||| 00| 0 eng d | ||
| 020 | _a978-81-19857-22-4 (hbk) | ||
| 037 | _cTB | ||
| 040 |
_aCRL _cCRL |
||
| 041 |
_2pun _apun |
||
| 084 |
_a/\ 153R4 _qCRL |
||
| 100 | _aਓਸ਼ੋਂ | ||
| 245 | _aਗੁਰੂ ਪਰਤਾਪ ਸਾਧ ਕੀ ਸੰਗਤਿ | ||
| 260 |
_aਪਟਿਆਲਾ, ਭਾਰਤ: _bਔਟਉਮੰ ਆਰਟ, _c2024. |
||
| 300 | _a337ਪ. | ||
| 365 |
_b499.00 _cINR |
||
| 650 | _2ਅਧਯਾਤਮਿਕ | ||
| 700 |
_aਨੱਯਰ, ਵਿਕਾਸ _eਅਨੁਵਾਦਕ |
||
| 942 |
_2CC _cTB _h/\ 153R4 _n0 |
||
| 999 |
_c1431237 _d1431237 |
||